Evénements du 17 avril - Statistiques

Statistiques générales
  • Ce quiz a été pris 31 fois
  • Le résultat moyen est 8 sur 15
Statistiques - réponses
Hint Réponse % Correct
Naissance de Jo-Wilfried Tsonga 1985
92%
Richelieu devient évêque de Luçon 1607
84%
Philippe Auguste expulse les Juifs de France 1182
76%
Opération de la Baie des cochons 1961
76%
Mort du philosophe Procius 485
76%
Mort de Benjamin Franklin 1790
64%
Capitulation de la Yougoslavie face à l'Allemagne 1941
48%
Indépendance de la Syrie 1946
48%
Naissance de la dessinatrice Claire Brétecher 1940
40%
Naissance d'Alain Poher 1909
36%
Naissance de l'acteur William Holden 1915
36%
Ouverture d'une exposition universelle à Bruxelles 1958
36%
Naissance de l'écrivain Karen Blixen 1885
32%
Mort du physicien Jean Perrin 1942
24%
Naissance de l'écrivain Hervé Bazin 1911
16%
Aucun quiz correspondant
Distribution des résultats
% des personnes avec chaque résultat
Percentile par nombre de réponses
Votre historique - résultats
Vous n’avez pas pris ce quiz